|
|
|
|
| LEADER |
01052cam a2200265 7i4500 |
| 001 |
0000063894 |
| 005 |
20211124090000.0 |
| 020 |
|
|
|a 9781782421252 (electronic book)
|
| 090 |
0 |
0 |
|a QH530.5
|b .U69 2014
|
| 245 |
0 |
0 |
|a Understanding biocorrosion :
|b fundamentals and applications
|c edited by T. Liengen [and three others].
|
| 264 |
|
|
|a Cambridge:
|b Woodhead Publishing,
|c 2014.
|
| 300 |
|
|
|a 1 online resource (xxii, 423 pages):
|b colour illustrations, text file, PDF.
|
| 336 |
|
|
|a text
|2 rdacontent
|
| 337 |
|
|
|a computer
|2 rdamedia
|
| 338 |
|
|
|a online resource
|2 rdacarrier
|
| 490 |
0 |
|
|a Woodhead Publishing in materials
|
| 490 |
0 |
|
|a European federations of corrosion publications;
|v v. 66
|
| 650 |
|
0 |
|a Biodegradation
|
| 650 |
|
0 |
|a Biofilms
|
| 655 |
|
0 |
|a Electronic books
|
| 700 |
1 |
|
|a Liengen, T.
|
| 856 |
4 |
2 |
|u http://library.unisel.edu.my/web/guest/mylibrary
|
| 997 |
|
|
|a Engineering & Life Sciences, Faculty
|b Science & Biotechnology, Department
|
| 998 |
|
|
|a Industrial Technology, Degree
|
| 999 |
|
|
|a EBO0008381
|b EBOOK
|c EBOOK
|e Electronic resources
|